How to Get Away with Murder TV Show Trivia - Statistics

General Stats
  • This quiz has been taken 1,852 times
    1,849 since last reset
  • The average score is 20 of 40
Answer Stats
Hint Answer % Correct
Who is known as the "wait list" student? Wes Gibbons
97%
Who murdered Rebecca Sutter? Bonnie Winterbottom
85%
Where was Rebecca Sutter murdered? Annalise's basement
79%
Computer nerd/hacker, also dates one of the Keating 5 Oliver Hampton
78%
Name the college student found in the water tank at a sorority house. Lila Stangard
74%
Who murdered Sam Keating? Wes Gibbons
73%
What is Annalise's alcohol of choice? Vodka
71%
What weapon was used to kill Sam Keating? trophy
69%
Who is responsible for killing at least three people? Frank Delfino
68%
Who was part of a gang rape prior to college? Asher Millstone
66%
Who cleaned up his crime scene? Annalise Keating
65%
Who gets framed for the murder of Sam Keating? Nate Lahey
65%
What is Annalise's actual name (according to her mother)? Anna Mae
63%
What did Michaela Pratt lose/leave behind at the scene? Her engagement ring
61%
Who survived the house explosion? Laurel Castillo
61%
What university do the students attend? Middleton
61%
Annalise's former lover who is also an attorney herself Eve Rothlo
60%
Who murdered Emily Sinclair? Asher Millstone
54%
Who threw Emily Sinclair off a roof in attempt to cover up her murder? Bonnie Winterbottom
50%
Who was the only member of the Keating 5 not involved in the murder of Sam Keating? Asher Millstone
49%
How did he die? House fire
49%
Who wears a wig? Annalise Keating
48%
Who threw that person off the roof? Bonnie Winterbottom
48%
Who gets kidnapped by district attorney Denver? Connor Walsh
46%
Who died in the house fire? Wes Gibbons
45%
What disease does Oliver find out he has? HIV
38%
Who murdered Bonnie's father? Frank Delfino
35%
Who is Wes' biological father? Wallace Mahoney
35%
How does Wes' mother die? Stabbed herself
34%
Who dated Aiden? Michaela Pratt
33%
How was Lila Stanguard murdered? Strangulation
30%
How was Rebecca Sutter murdered? Suffocation
30%
How was Emily Sinclair really murdered? Ranover by Asher's car
28%
Who murdered Lila Stanguard? Frank Delfino
25%
Where was Sam Keating murdered? In his house
25%
What wire taping device does Asher discover inside the house? Pen
21%
How was his murder unsuccessfully covered up? His body was burned
19%
Annalise's unlce who assults her Clyde
17%
Where was Emily Sinclair murdered? Parking garage
13%
What was the name of the victim in that crime? Tiffany Howard
12%
No matching quizzes found
Score Distribution
Percent of People with Each Score
Percentile by Number Answered
Your Score History
You have not taken this quiz since the last reset